Top 10 des villes les plus visitées en France(2024) - Statistiques

Statistiques générales
  • Ce quiz a été pris 157 fois
  • Le résultat moyen est 8 sur 10
Statistiques - réponses
Hint Réponse % Correct
~36 M visiteurs/an Paris
100%
~6 M visiteurs/an Lyon
99%
~5,5 M visiteurs/an Marseille
98%
~4,5 M visiteurs/an Bordeaux
91%
~5 M visiteurs/an Nice
89%
~4 M visiteurs/an Strasbourg
86%
~3,5 M visiteurs/an Toulouse
85%
~2,5 M visiteurs/an Nantes
78%
~7,7 M visiteurs/an Versailles
37%
~3 M visiteurs/an Mont-Saint-Michel
21%
Aucun quiz correspondant
Distribution des résultats
% des personnes avec chaque résultat
Percentile par nombre de réponses
Votre historique - résultats
Vous n’avez pas pris ce quiz